| 000 | 00483 a2200145 4500 | ||
|---|---|---|---|
| 001 | ART_46025 | ||
| 005 | 20260410161731.0 | ||
| 008 | 260409a | ||
| 245 | 1 | 0 | _aLa heurística de representatividad en un caso de decisión de inversión |
| 100 | 1 | _aManzanal, Melisa | |
| 700 | 1 | _aEl Alabi, Emilio | |
| 700 | 1 | _aMilanesi, Gastón S. | |
| 700 | 1 | _aVigier, Hernán | |
| 773 | 0 |
_tEscritos contables y de administración _g- Vol. 4, Nº 2 (jul./dic. 2013) _wREV2758 |
|
| 999 |
_c17839 _d17839 |
||